AEW Revolution 2023 Card - Statistics

General Stats
  • This quiz has been taken 35 times
  • The average score is 25 of 33
Answer Stats
Answer % Correct
Adam Page
100%
Bryan Danielson
100%
Jon Moxley
100%
Kenny Omega
100%
Matt Jackson
100%
MJF
100%
Nick Jackson
100%
Anthony Bowens
91%
Austin Gunn
91%
Brody King
91%
Colten Gunn
91%
Malakai Black
91%
Max Caster
91%
Buddy Matthews
86%
Christian Cage
86%
Jack Perry
86%
Orange Cassidy
86%
Wardlow
86%
Samoa Joe
82%
Saraya
82%
Chris Jericho
77%
Jamie Hayter
77%
Ruby Soho
77%
Danhausen
73%
Ricky Starks
73%
Jay Lethal
68%
Jeff Jarrett
68%
Penta El Zero Miedo
45%
Rey Fenix
41%
Tony Nese
27%
Ari Daivari
23%
Josh Woods
23%
Mark Briscoe
18%
No matching quizzes found
Score Distribution
Percent of People with Each Score
Percentile by Number Answered
Your Score History
You have not taken this quiz